| 000 | 00374nam a2200157Ia 4500 | ||
|---|---|---|---|
| 005 | 20250425030111.0 | ||
| 008 | 240331s9999 xx 000 0 und d | ||
| 020 | _a9555512647 | ||
| 082 |
_bJAY _a891 |
||
| 100 | _aJayakody,J | ||
| 245 | 0 | _aYasodawa | |
| 260 |
_aColombo _bDayawansa Jayakody & Company _c2002 |
||
| 300 | _a182 p ., | ||
| 500 | _aA Sinhala novel | ||
| 942 | _cL | ||
| 999 |
_c5350 _d5350 |
||